[Event "8th Vellmar Chess Days"]
[Site "chess24.com"]
[Date "2016.07.30"]
[Round "4"]
[White "Rafiee, Makan"]
[Black "Werner, Martin"]
[Result "1-0"]
[Board "4"]
[WhiteElo "2318"]
[WhiteTitle "FM"]
[WhiteCountry "GER"]
[WhiteFideId "24609340"]
[WhiteEloChange "3"]
[BlackElo "2023"]
[BlackCountry "GER"]
[BlackFideId "4607970"]
[BlackEloChange "-3"]

1. e4 {[%clk 1:30:58]} c6 {[%clk 1:30:56]} 2. d4 {[%clk 1:31:17]} d5 {[%clk
1:31:20]} 3. Nc3 {[%clk 1:31:42]} dxe4 {[%clk 1:31:45]} 4. Nxe4 {[%clk 1:32:07]}
Nd7 {[%clk 1:32:10]} 5. Ng5 {[%clk 1:32:28]} Ngf6 {[%clk 1:32:34]} 6. Bd3 {[%clk
1:32:52]} e6 {[%clk 1:32:54]} 7. N1f3 {[%clk 1:33:14]} Bd6 {[%clk 1:33:07]} 8.
Qe2 {[%clk 1:33:34]} h6 {[%clk 1:33:26]} 9. Ne4 {[%clk 1:33:58]} Nxe4 {[%clk
1:33:50]} 10. Qxe4 {[%clk 1:34:21]} Nf6 {[%clk 1:34:14]} 11. Qe2 {[%clk 1:34:44]}
Qc7 {[%clk 1:34:08]} 12. Bd2 {[%clk 1:35:02]} b6 {[%clk 1:34:20]} 13. O-O-O
{[%clk 1:34:56]} Bb7 {[%clk 1:34:21]} 14. Kb1 {[%clk 1:34:55]} O-O-O {[%clk
1:33:15]} 15. c4 {[%clk 1:35:07]} c5 {[%clk 1:28:01]} 16. Bc3 {[%clk 1:33:16]}
Rhe8 {[%clk 1:20:42]} 17. Ne5 {[%clk 1:28:03]} cxd4 {[%clk 1:09:43]} 18. Bxd4
{[%clk 1:28:25]} Bxg2 {[%clk 1:02:03]} 19. Rhg1 {[%clk 1:28:18]} Bxe5 {[%clk
1:01:29]} 20. Bxe5 {[%clk 1:28:15]} Qb7 {[%clk 1:01:44]} 21. c5 {[%clk 1:22:27]}
Rxd3 {[%clk 0:59:20]} 22. Rxd3 {[%clk 1:22:47]} Be4 {[%clk 0:58:37]} 23. Rc1
{[%clk 1:12:43]} Qd5 {[%clk 0:50:16]} 24. cxb6+ {[%clk 1:13:01]} Kb7 {[%clk
0:50:45]} 25. Rc7+ {[%clk 1:12:51]} Kxb6 {[%clk 0:50:48]} 26. Qe3+ {[%clk
1:13:05]} Kb5 {[%clk 0:50:39]} 27. Bd4 {[%clk 0:59:22]} Ng4 {[%clk 0:39:26]} 28.
Rc5+ {[%clk 0:59:10]} Ka6 {[%clk 0:28:50]} 29. Rxd5 {[%clk 0:59:07]} Nxe3 {[%clk
0:29:17]} 30. Rd6+ {[%clk 0:59:29]} 1-0

[Event "8th Vellmar Chess Days"]
[Site "chess24.com"]
[Date "2016.07.30"]
[Round "4"]
[White "Zahn, Richard"]
[Black "Humburg, Philipp"]
[Result "0-1"]
[Board "5"]
[WhiteElo "2086"]
[WhiteCountry "GER"]
[WhiteFideId "4681690"]
[WhiteEloChange "-7"]
[BlackElo "2201"]
[BlackCountry "GER"]
[BlackFideId "24656151"]
[BlackEloChange "7"]

1. f4 {[%clk 1:30:58]} d5 {[%clk 1:30:54]} 2. Nf3 {[%clk 1:31:23]} g6 {[%clk
1:31:19]} 3. e3 {[%clk 1:31:46]} Bg7 {[%clk 1:31:43]} 4. d4 {[%clk 1:30:52]} Bg4
{[%clk 1:30:07]} 5. Bd3 {[%clk 1:28:36]} f5 {[%clk 1:28:56]} 6. O-O {[%clk
1:27:15]} Nf6 {[%clk 1:29:23]} 7. c3 {[%clk 1:24:10]} c6 {[%clk 1:29:17]} 8. Qe1
{[%clk 1:23:40]} Bxf3 {[%clk 1:29:39]} 9. gxf3 {[%clk 1:23:56]} O-O {[%clk
1:28:44]} 10. Nd2 {[%clk 1:22:48]} e6 {[%clk 1:28:35]} 11. Kh1 {[%clk 1:20:03]}
Nh5 {[%clk 1:28:23]} 12. Rg1 {[%clk 1:20:01]} c5 {[%clk 1:27:53]} 13. Nf1 {[%clk
1:17:21]} cxd4 {[%clk 1:26:09]} 14. cxd4 {[%clk 1:16:22]} Nc6 {[%clk 1:25:52]}
15. Bd2 {[%clk 1:16:14]} Bf6 {[%clk 1:23:57]} 16. Ng3 {[%clk 1:07:45]} Ng7 {[%clk
1:20:06]} 17. Bc3 {[%clk 1:04:22]} Qb6 {[%clk 1:16:17]} 18. Ne2 {[%clk 1:01:43]}
Rfc8 {[%clk 1:15:13]} 19. Rd1 {[%clk 0:59:37]} Qd8 {[%clk 1:14:27]} 20. Nc1
{[%clk 0:54:27]} Rab8 {[%clk 1:10:49]} 21. Bb1 {[%clk 0:54:05]} b5 {[%clk
1:10:53]} 22. Nd3 {[%clk 0:54:04]} a5 {[%clk 1:10:30]} 23. Ne5 {[%clk 0:52:44]}
b4 {[%clk 1:08:44]} 24. Bd2 {[%clk 0:50:35]} Bh4 {[%clk 1:07:24]} 25. Qe2 {[%clk
0:46:38]} a4 {[%clk 1:01:15]} 26. Rc1 {[%clk 0:43:42]} Nxe5 {[%clk 1:00:05]} 27.
fxe5 {[%clk 0:42:25]} Qb6 {[%clk 0:51:42]} 28. Bd3 {[%clk 0:38:35]} Ne8 {[%clk
0:47:03]} 29. Rxc8 {[%clk 0:34:46]} Rxc8 {[%clk 0:47:32]} 30. Rc1 {[%clk
0:35:05]} Rxc1+ {[%clk 0:42:38]} 31. Bxc1 {[%clk 0:35:26]} b3 {[%clk 0:38:29]}
32. a3 {[%clk 0:34:46]} Nc7 {[%clk 0:37:40]} 33. Bd2 {[%clk 0:34:56]} Be7 {[%clk
0:37:15]} 34. Bc3 {[%clk 0:29:47]} Qc6 {[%clk 0:37:21]} 35. Bd2 {[%clk 0:24:44]}
Qb6 {[%clk 0:28:14]} 36. Bc3 {[%clk 0:24:46]} Qc6 {[%clk 0:27:55]} 37. Bd2 {[%clk
0:24:59]} Bg5 {[%clk 0:18:32]} 38. Kg2 {[%clk 0:20:50]} Bh6 {[%clk 0:17:57]} 39.
f4 {[%clk 0:14:20]} Bf8 {[%clk 0:17:59]} 40. Kf2 {[%clk 0:06:05]} Be7 {[%clk
0:17:25]} 41. Kg2 {[%clk 0:05:36]} Kg7 {[%clk 0:17:10]} 42. Qf1 {[%clk 0:01:57]}
h6 {[%clk 0:12:44]} 43. Qc1 {[%clk 0:31:00]} Qb6 {[%clk 0:41:50]} 44. Qf1 {[%clk
0:30:46]} g5 {[%clk 0:40:31]} 45. Bc3 {[%clk 0:29:12]} Qc6 {[%clk 0:40:14]} 46.
Bd2 {[%clk 0:28:52]} g4 {[%clk 0:39:47]} 47. h3 {[%clk 0:25:03]} h5 {[%clk
0:39:54]} 48. Qe2 {[%clk 0:24:43]} Qb7 {[%clk 0:35:27]} 49. Ba5 {[%clk 0:17:02]}
Qc6 {[%clk 0:34:26]} 50. Bd2 {[%clk 0:17:29]} Qb6 {[%clk 0:34:25]} 51. Be1 {[%clk
0:17:21]} Kf7 {[%clk 0:33:31]} 52. Bc3 {[%clk 0:16:01]} Qc6 {[%clk 0:31:06]} 53.
Bd2 {[%clk 0:16:27]} Na8 {[%clk 0:29:57]} 54. Bb5 {[%clk 0:10:49]} Qc2 {[%clk
0:30:19]} 55. Be1 {[%clk 0:11:00]} Qxe2+ {[%clk 0:24:16]} 56. Bxe2 {[%clk
0:11:28]} Nb6 {[%clk 0:24:39]} 57. Bd2 {[%clk 0:10:34]} Nc4 {[%clk 0:21:00]} 58.
Bc1 {[%clk 0:11:03]} Bh4 {[%clk 0:19:08]} 59. hxg4 {[%clk 0:10:44]} hxg4 {[%clk
0:18:44]} 60. Kf1 {[%clk 0:10:17]} Ke7 {[%clk 0:18:55]} 61. e4 {[%clk 0:10:41]}
Kf7 {[%clk 0:14:53]} 62. exd5 {[%clk 0:09:33]} exd5 {[%clk 0:15:10]} 63. Bd3
{[%clk 0:09:53]} Ke6 {[%clk 0:15:32]} 64. Bb1 {[%clk 0:09:50]} Bd8 {[%clk
0:15:53]} 0-1

[Event "8th Vellmar Chess Days"]
[Site "chess24.com"]
[Date "2016.07.30"]
[Round "4"]
[White "Ziegenfuss, Holger"]
[Black "Jensen, Jacob Bjerre"]
[Result "0-1"]
[Board "6"]
[WhiteElo "2075"]
[WhiteCountry "GER"]
[WhiteFideId "12926140"]
[WhiteEloChange "-7"]
[BlackElo "2172"]
[BlackCountry "DEN"]
[BlackFideId "1401513"]
[BlackEloChange "7"]

1. e4 {[%clk 1:30:51]} e6 {[%clk 1:30:53]} 2. d4 {[%clk 1:31:15]} d5 {[%clk
1:31:19]} 3. exd5 {[%clk 1:31:39]} exd5 {[%clk 1:31:45]} 4. Nf3 {[%clk 1:32:03]}
Nc6 {[%clk 1:32:03]} 5. h3 {[%clk 1:32:25]} Bf5 {[%clk 1:31:33]} 6. Bd3 {[%clk
1:30:13]} Qd7 {[%clk 1:30:51]} 7. a3 {[%clk 1:10:04]} Bd6 {[%clk 1:29:47]} 8. Nc3
{[%clk 1:10:16]} Nge7 {[%clk 1:15:26]} 9. Ne2 {[%clk 1:06:37]} Be4 {[%clk
1:02:01]} 10. c3 {[%clk 0:53:07]} Qf5 {[%clk 0:55:22]} 11. Bxe4 {[%clk 0:52:50]}
dxe4 {[%clk 0:55:27]} 12. Nd2 {[%clk 0:49:08]} O-O-O {[%clk 0:45:41]} 13. Nf1
{[%clk 0:48:30]} Qg6 {[%clk 0:37:14]} 14. g3 {[%clk 0:38:50]} f5 {[%clk 0:29:14]}
15. Bf4 {[%clk 0:31:21]} Qf6 {[%clk 0:27:52]} 16. Bxd6 {[%clk 0:22:21]} Rxd6
{[%clk 0:27:59]} 17. Qc2 {[%clk 0:21:49]} Qf7 {[%clk 0:23:47]} 18. O-O-O {[%clk
0:19:26]} Qa2 {[%clk 0:22:07]} 19. Nd2 {[%clk 0:16:30]} Na5 {[%clk 0:16:01]} 20.
Qb1 {[%clk 0:15:58]} Qf7 {[%clk 0:14:38]} 21. Qc2 {[%clk 0:12:26]} Rc6 {[%clk
0:13:22]} 22. Kb1 {[%clk 0:11:25]} Nd5 {[%clk 0:13:00]} 23. Qa4 {[%clk 0:08:33]}
Ra6 {[%clk 0:11:56]} 24. Qc2 {[%clk 0:06:17]} e3 {[%clk 0:10:59]} 25. Nf3 {[%clk
0:05:11]} exf2 {[%clk 0:09:04]} 26. Ne5 {[%clk 0:05:10]} Qe6 {[%clk 0:09:17]} 27.
Nf4 {[%clk 0:05:27]} Nxf4 {[%clk 0:09:19]} 28. gxf4 {[%clk 0:05:52]} Rb6 {[%clk
0:08:25]} 29. Qxf2 {[%clk 0:04:40]} Qb3 {[%clk 0:08:40]} 30. Ka1 {[%clk 0:04:04]}
Rd8 {[%clk 0:06:47]} 31. Rde1 {[%clk 0:03:25]} Qd5 {[%clk 0:06:33]} 32. Qc2
{[%clk 0:03:23]} Nb3+ {[%clk 0:05:47]} 33. Kb1 {[%clk 0:03:46]} g6 {[%clk
0:06:06]} 34. Rh2 {[%clk 0:03:56]} c5 {[%clk 0:05:20]} 35. dxc5 {[%clk 0:02:41]}
Nxc5 {[%clk 0:05:21]} 36. Rhh1 {[%clk 0:02:00]} Rbd6 {[%clk 0:04:33]} 37. c4
{[%clk 0:02:07]} Qd2 {[%clk 0:02:13]} 38. Qc1 {[%clk 0:01:19]} Qxc1+ {[%clk
0:01:29]} 39. Rxc1 {[%clk 0:01:42]} Rd4 {[%clk 0:01:49]} 40. Rhf1 {[%clk
0:02:04]} Nb3 {[%clk 0:02:07]} 41. Nf3 {[%clk 0:01:46]} Rxf4 {[%clk 0:01:44]} 42.
Rc3 {[%clk 0:01:25]} Nd4 {[%clk 0:29:11]} 43. Ka2 {[%clk 0:23:19]} Re8 {[%clk
0:20:29]} 44. Re1 {[%clk 0:18:44]} Re2 {[%clk 0:17:36]} 45. Rxe2 {[%clk 0:16:59]}
Nxe2 {[%clk 0:18:01]} 46. Re3 {[%clk 0:16:19]} Re4 {[%clk 0:15:18]} 47. Rxe4
{[%clk 0:14:24]} fxe4 {[%clk 0:15:43]} 48. Ng5 {[%clk 0:11:46]} e3 {[%clk
0:13:05]} 49. Kb1 {[%clk 0:11:49]} Nf4 {[%clk 0:09:48]} 50. Kc2 {[%clk 0:11:23]}
h6 {[%clk 0:08:51]} 51. Nf7 {[%clk 0:10:53]} h5 {[%clk 0:08:30]} 52. Ng5 {[%clk
0:08:23]} Kd7 {[%clk 0:08:05]} 53. b4 {[%clk 0:08:05]} Kd6 {[%clk 0:07:53]} 54.
h4 {[%clk 0:08:16]} Ng2 {[%clk 0:06:34]} 55. Nf3 {[%clk 0:05:32]} e2 {[%clk
0:05:53]} 56. Kd2 {[%clk 0:05:17]} e1Q+ {[%clk 0:05:41]} 57. Nxe1 {[%clk
0:05:41]} Nxh4 {[%clk 0:05:52]} 58. Ke3 {[%clk 0:05:45]} Ke5 {[%clk 0:05:20]} 59.
Nd3+ {[%clk 0:04:54]} Kf5 {[%clk 0:05:46]} 60. Nf4 {[%clk 0:04:26]} Ke5 {[%clk
0:04:56]} 61. Nd3+ {[%clk 0:04:22]} Kf6 {[%clk 0:04:28]} 62. Nc5 {[%clk 0:04:14]}
Nf5+ {[%clk 0:04:16]} 63. Ke4 {[%clk 0:03:20]} Nd6+ {[%clk 0:03:35]} 64. Kd5
{[%clk 0:02:35]} Ke7 {[%clk 0:03:43]} 65. Nd3 {[%clk 0:02:17]} h4 {[%clk
0:03:38]} 66. c5 {[%clk 0:02:14]} Nb5 {[%clk 0:04:01]} 67. Ne5 {[%clk 0:01:29]}
h3 {[%clk 0:03:14]} 68. Ng4 {[%clk 0:00:47]} Nxa3 {[%clk 0:03:13]} 69. Ke5 {[%clk
0:00:50]} Nc2 {[%clk 0:02:51]} 70. b5 {[%clk 0:00:48]} Ne3 {[%clk 0:02:46]} 71.
Nh2 {[%clk 0:01:07]} g5 {[%clk 0:02:45]} 72. Ke4 {[%clk 0:00:42]} g4 {[%clk
0:02:18]} 73. Kf4 {[%clk 0:00:52]} Ke6 {[%clk 0:02:06]} 0-1

[Event "8th Vellmar Chess Days"]
[Site "chess24.com"]
[Date "2016.07.30"]
[Round "4"]
[White "Kiesel, Harald"]
[Black "Viebahn, Dirk"]
[Result "0-1"]
[Board "7"]
[WhiteElo "2074"]
[WhiteCountry "GER"]
[WhiteFideId "4616014"]
[WhiteEloChange "-8"]
[BlackElo "2155"]
[BlackCountry "GER"]
[BlackFideId "4660790"]
[BlackEloChange "8"]

1. e4 {[%clk 1:30:59]} e5 {[%clk 1:30:50]} 2. Nf3 {[%clk 1:31:18]} Nc6 {[%clk
1:31:03]} 3. Bb5 {[%clk 1:31:33]} a6 {[%clk 1:31:23]} 4. Bxc6 {[%clk 1:31:38]}
dxc6 {[%clk 1:31:45]} 5. O-O {[%clk 1:31:59]} Bg4 {[%clk 1:32:04]} 6. h3 {[%clk
1:32:14]} Bh5 {[%clk 1:32:25]} 7. g4 {[%clk 1:26:50]} Bg6 {[%clk 1:32:47]} 8.
Nxe5 {[%clk 1:27:12]} Qh4 {[%clk 1:33:03]} 9. Qf3 {[%clk 1:26:47]} f6 {[%clk
1:33:23]} 10. Nxg6 {[%clk 1:26:45]} hxg6 {[%clk 1:33:34]} 11. Kg2 {[%clk
1:27:01]} g5 {[%clk 1:33:40]} 12. d4 {[%clk 1:18:03]} O-O-O {[%clk 1:30:06]} 13.
c3 {[%clk 1:15:37]} Bd6 {[%clk 1:24:38]} 14. Na3 {[%clk 1:09:08]} Ne7 {[%clk
1:21:04]} 15. Rh1 {[%clk 1:00:16]} Kb8 {[%clk 1:18:56]} 16. Nc4 {[%clk 0:59:18]}
Ng6 {[%clk 1:10:10]} 17. Nxd6 {[%clk 0:58:11]} Rxd6 {[%clk 1:09:55]} 18. Bd2
{[%clk 0:50:55]} Qh7 {[%clk 1:09:32]} 19. Kf1 {[%clk 0:50:03]} Nh4 {[%clk
1:09:20]} 20. Qe2 {[%clk 0:32:04]} Re8 {[%clk 0:48:27]} 21. f3 {[%clk 0:30:39]}
c5 {[%clk 0:41:39]} 22. Be3 {[%clk 0:25:57]} cxd4 {[%clk 0:40:30]} 23. cxd4
{[%clk 0:24:37]} Rd7 {[%clk 0:33:44]} 24. b4 {[%clk 0:15:01]} f5 {[%clk 0:23:25]}
25. Bxg5 {[%clk 0:10:00]} fxe4 {[%clk 0:20:34]} 26. Bxh4 {[%clk 0:09:05]} Qxh4
{[%clk 0:20:51]} 27. fxe4 {[%clk 0:04:05]} Rf7+ {[%clk 0:19:46]} 28. Kg2 {[%clk
0:04:00]} Rxe4 {[%clk 0:20:02]} 29. Qd2 {[%clk 0:03:57]} Rfe7 {[%clk 0:19:21]}
30. Kf1 {[%clk 0:03:17]} Qf6+ {[%clk 0:18:39]} 31. Kg1 {[%clk 0:02:51]} Re2
{[%clk 0:18:47]} 0-1

[Event "8th Vellmar Chess Days"]
[Site "chess24.com"]
[Date "2016.07.30"]
[Round "4"]
[White "Daechert, Peter"]
[Black "Rueberg, Jobst"]
[Result "1/2-1/2"]
[Board "8"]
[WhiteElo "2016"]
[WhiteCountry "GER"]
[WhiteFideId "4686713"]
[WhiteEloChange "3"]
[BlackElo "2123"]
[BlackTitle "FM"]
[BlackCountry "GER"]
[BlackFideId "4677501"]
[BlackEloChange "-3"]

1. f4 {[%clk 1:25:17]} c5 {[%clk 1:29:46]} 2. b3 {[%clk 1:25:38]} Nf6 {[%clk
1:29:44]} 3. Bb2 {[%clk 1:25:55]} e6 {[%clk 1:29:23]} 4. Nf3 {[%clk 1:26:19]} Be7
{[%clk 1:29:14]} 5. e3 {[%clk 1:26:42]} b6 {[%clk 1:28:40]} 6. Be2 {[%clk
1:27:00]} Bb7 {[%clk 1:28:49]} 7. O-O {[%clk 1:27:22]} O-O {[%clk 1:28:35]} 8.
Qe1 {[%clk 1:27:42]} d6 {[%clk 1:26:21]} 9. Na3 {[%clk 1:20:15]} Nbd7 {[%clk
1:26:11]} 10. Qg3 {[%clk 1:19:47]} Re8 {[%clk 1:07:45]} 11. Bb5 {[%clk 1:15:36]}
a6 {[%clk 0:49:51]} 12. Bxd7 {[%clk 1:14:24]} Qxd7 {[%clk 0:49:56]} 13. Nc4
{[%clk 1:14:21]} Qd8 {[%clk 0:48:23]} 14. d3 {[%clk 1:12:55]} b5 {[%clk 0:45:52]}
15. Ncd2 {[%clk 1:12:45]} Bf8 {[%clk 0:43:28]} 16. e4 {[%clk 1:07:46]} d5 {[%clk
0:39:03]} 17. e5 {[%clk 1:08:01]} Nh5 {[%clk 0:38:09]} 18. Qg4 {[%clk 1:07:33]}
g6 {[%clk 0:38:23]} 19. Kh1 {[%clk 1:04:21]} Be7 {[%clk 0:35:22]} 20. Ng1 {[%clk
1:02:37]} Rc8 {[%clk 0:34:12]} 21. Qe2 {[%clk 1:01:00]} Ng7 {[%clk 0:33:07]} 22.
g4 {[%clk 0:58:21]} c4 {[%clk 0:31:33]} 23. bxc4 {[%clk 0:54:56]} bxc4 {[%clk
0:27:34]} 24. Bd4 {[%clk 0:54:04]} Qd7 {[%clk 0:26:22]} 25. Rab1 {[%clk 0:52:15]}
Bc6 {[%clk 0:26:07]} 26. Ndf3 {[%clk 0:50:36]} Ba4 {[%clk 0:24:02]} 27. dxc4
{[%clk 0:48:12]} dxc4 {[%clk 0:20:34]} 28. c3 {[%clk 0:47:32]} Qc7 {[%clk
0:16:18]} 29. h3 {[%clk 0:43:54]} Bb5 {[%clk 0:15:10]} 30. Qc2 {[%clk 0:42:51]}
Qd7 {[%clk 0:14:44]} 31. Qf2 {[%clk 0:40:32]} Rb8 {[%clk 0:14:08]} 32. Ne2 {[%clk
0:38:20]} Bc6 {[%clk 0:13:51]} 33. Kh2 {[%clk 0:38:16]} Be4 {[%clk 0:13:12]} 34.
Rbd1 {[%clk 0:36:46]} Rb2 {[%clk 0:09:59]} 35. Rd2 {[%clk 0:34:55]} Rxd2 {[%clk
0:07:55]} 36. Nxd2 {[%clk 0:35:15]} Bd3 {[%clk 0:08:01]} 37. Rg1 {[%clk 0:34:13]}
Rb8 {[%clk 0:07:52]} 38. Nc1 {[%clk 0:33:38]} Rb2 {[%clk 0:04:55]} 39. Qe3 {[%clk
0:31:05]} Qb5 {[%clk 0:03:02]} 40. Nxd3 {[%clk 0:29:57]} cxd3 {[%clk 0:03:22]}
41. c4 {[%clk 0:29:25]} Rxd2+ {[%clk 0:30:08]} 42. Qxd2 {[%clk 1:00:48]} Qxc4
{[%clk 0:27:25]} 43. Bc3 {[%clk 1:01:09]} h6 {[%clk 0:26:39]} 44. Rg3 {[%clk
0:59:16]} Ne8 {[%clk 0:20:56]} 45. Rxd3 {[%clk 0:59:30]} Nc7 {[%clk 0:20:59]} 46.
Rd4 {[%clk 0:59:12]} Qf1 {[%clk 0:19:38]} 47. Qe1 {[%clk 0:58:29]} Qf3 {[%clk
0:19:22]} 48. Qg3 {[%clk 0:56:22]} Qc6 {[%clk 0:19:24]} 49. Qd3 {[%clk 0:52:36]}
Nd5 {[%clk 0:18:51]} 50. Bd2 {[%clk 0:52:48]} Qc7 {[%clk 0:17:38]} 51. Qxa6
{[%clk 0:50:47]} Qc2 {[%clk 0:16:31]} 52. Qc4 {[%clk 0:49:57]} Qb2 {[%clk
0:15:26]} 53. Kg3 {[%clk 0:49:03]} Qb1 {[%clk 0:14:58]} 54. Kg2 {[%clk 0:44:09]}
Qb2 {[%clk 0:14:20]} 55. Rd3 {[%clk 0:42:14]} g5 {[%clk 0:09:37]} 56. Kf3 {[%clk
0:36:56]} Qb1 {[%clk 0:09:17]} 57. Ke2 {[%clk 0:33:23]} gxf4 {[%clk 0:07:22]} 58.
Bxf4 {[%clk 0:29:32]} Nxf4+ {[%clk 0:06:23]} 59. Qxf4 {[%clk 0:29:54]} Bg5 {[%clk
0:05:43]} 60. Qc4 {[%clk 0:28:23]} Qb2+ {[%clk 0:05:52]} 61. Kd1 {[%clk 0:28:02]}
Qb1+ {[%clk 0:06:07]} 62. Ke2 {[%clk 0:27:31]} Qb2+ {[%clk 0:06:35]} 63. Kf3
{[%clk 0:27:07]} Qxe5 {[%clk 0:06:43]} 64. Qc2 {[%clk 0:22:41]} Bh4 {[%clk
0:06:34]} 65. Qe2 {[%clk 0:20:31]} Qg3+ {[%clk 0:06:03]} 66. Ke4 {[%clk 0:20:51]}
Qc7 {[%clk 0:06:16]} 67. Rb3 {[%clk 0:18:39]} Qc6+ {[%clk 0:06:15]} 68. Kd3
{[%clk 0:19:01]} Qa6+ {[%clk 0:06:22]} 69. Ke3 {[%clk 0:18:58]} Qd6 {[%clk
0:06:36]} 70. Qc4 {[%clk 0:15:06]} Qh2 {[%clk 0:06:21]} 71. Kd4 {[%clk 0:13:29]}
Qf4+ {[%clk 0:06:00]} 72. Kd3 {[%clk 0:12:59]} Qf1+ {[%clk 0:05:33]} 73. Kd4
{[%clk 0:11:03]} Bf2+ {[%clk 0:05:18]} 74. Kc3 {[%clk 0:11:23]} Be1+ {[%clk
0:05:35]} 75. Kd4 {[%clk 0:11:44]} Bf2+ {[%clk 0:04:52]} 76. Kc3 {[%clk 0:12:05]}
Be1+ {[%clk 0:03:41]} 1/2-1/2

[Event "8th Vellmar Chess Days"]
[Site "chess24.com"]
[Date "2016.07.30"]
[Round "4"]
[White "Hufendiek, Ekkehard"]
[Black "Halt, David"]
[Result "1-0"]
[Board "9"]
[WhiteElo "1914"]
[WhiteCountry "GER"]
[WhiteFideId "4650190"]
[WhiteEloChange "15"]
[BlackElo "2096"]
[BlackCountry "GER"]
[BlackFideId "24614602"]
[BlackEloChange "-15"]

1. e4 {[%clk 1:30:30]} e5 {[%clk 1:17:17]} 2. d4 {[%clk 1:30:46]} exd4 {[%clk
1:16:47]} 3. c3 {[%clk 1:31:10]} dxc3 {[%clk 1:08:26]} 4. Nxc3 {[%clk 1:29:50]}
Nc6 {[%clk 1:02:21]} 5. Bc4 {[%clk 1:29:49]} Bb4 {[%clk 0:59:50]} 6. Ne2 {[%clk
1:29:08]} Nf6 {[%clk 0:53:56]} 7. O-O {[%clk 1:28:58]} h6 {[%clk 0:51:54]} 8. h3
{[%clk 1:25:45]} O-O {[%clk 0:48:51]} 9. f4 {[%clk 1:19:35]} d6 {[%clk 0:47:47]}
10. a3 {[%clk 1:16:02]} Bc5+ {[%clk 0:46:25]} 11. Kh2 {[%clk 1:16:24]} Re8 {[%clk
0:44:42]} 12. b4 {[%clk 1:13:44]} Bb6 {[%clk 0:43:10]} 13. Bb2 {[%clk 1:09:26]}
a6 {[%clk 0:39:48]} 14. Qd3 {[%clk 1:02:05]} Qe7 {[%clk 0:29:24]} 15. Nd5 {[%clk
0:55:38]} Nxd5 {[%clk 0:29:38]} 16. exd5 {[%clk 0:52:38]} Nb8 {[%clk 0:26:48]}
17. Rae1 {[%clk 0:41:43]} Qf8 {[%clk 0:23:58]} 18. Ng3 {[%clk 0:36:28]} Rxe1
{[%clk 0:23:03]} 19. Rxe1 {[%clk 0:36:56]} Bf2 {[%clk 0:15:07]} 20. Bxg7 {[%clk
0:27:37]} Bxe1 {[%clk 0:03:37]} 21. Bxf8 {[%clk 0:28:00]} Bxg3+ {[%clk 0:03:55]}
22. Kxg3 {[%clk 0:27:33]} Kxf8 {[%clk 0:04:08]} 23. Qh7 {[%clk 0:27:42]} Nd7
{[%clk 0:04:18]} 24. Qxh6+ {[%clk 0:20:21]} Ke7 {[%clk 0:04:39]} 25. Kh4 {[%clk
0:06:11]} Nf6 {[%clk 0:04:06]} 26. g4 {[%clk 0:05:18]} Bf5 {[%clk 0:02:39]} 27.
gxf5 {[%clk 0:04:31]} Rg8 {[%clk 0:03:02]} 28. Be2 {[%clk 0:03:51]} Re8 {[%clk
0:01:25]} 29. Bf3 {[%clk 0:01:49]} Rg8 {[%clk 0:01:50]} 30. Bg4 {[%clk 0:01:06]}
Ne4 {[%clk 0:01:15]} 31. f6+ {[%clk 0:00:55]} Nxf6 {[%clk 0:01:20]} 32. Kg3
{[%clk 0:01:04]} Nxd5 {[%clk 0:01:33]} 33. Kf3 {[%clk 0:01:13]} Nf6 {[%clk
0:01:30]} 34. Qh4 {[%clk 0:01:34]} c6 {[%clk 0:01:40]} 35. Qe1+ {[%clk 0:01:57]}
Kd8 {[%clk 0:02:02]} 36. Qe3 {[%clk 0:01:44]} Nd5 {[%clk 0:02:10]} 37. Qd3 {[%clk
0:01:06]} Ke7 {[%clk 0:01:49]} 38. Qe4+ {[%clk 0:01:24]} Kf8 {[%clk 0:01:57]} 39.
Qf5 {[%clk 0:01:29]} Nb6 {[%clk 0:01:14]} 40. Qf6 {[%clk 0:01:22]} Nc4 {[%clk
0:01:05]} 41. Bh5 {[%clk 0:00:54]} Nd2+ {[%clk 0:29:24]} 42. Ke3 {[%clk 0:28:38]}
Nf1+ {[%clk 0:28:55]} 43. Kf2 {[%clk 0:28:45]} 1-0

[Event "8th Vellmar Chess Days"]
[Site "chess24.com"]
[Date "2016.07.30"]
[Round "4"]
[White "Eggenstein, Frank"]
[Black "Meyner, Hannes"]
[Result "1-0"]
[Board "10"]
[WhiteElo "2032"]
[WhiteCountry "GER"]
[WhiteFideId "4651278"]
[WhiteEloChange "15"]
[BlackElo "2204"]
[BlackCountry "GER"]
[BlackFideId "4664205"]
[BlackEloChange "-15"]

1. e4 {[%clk 1:30:30]} c5 {[%clk 1:30:52]} 2. Nf3 {[%clk 1:30:46]} e6 {[%clk
1:31:12]} 3. c3 {[%clk 1:30:46]} Nf6 {[%clk 1:31:12]} 4. d3 {[%clk 1:31:03]} d5
{[%clk 1:31:12]} 5. e5 {[%clk 1:31:28]} Nfd7 {[%clk 1:31:12]} 6. d4 {[%clk
1:31:49]} Nc6 {[%clk 1:31:33]} 7. a3 {[%clk 1:31:49]} f6 {[%clk 1:31:43]} 8. Bd3
{[%clk 1:32:09]} fxe5 {[%clk 1:32:00]} 9. Nxe5 {[%clk 1:32:05]} Ndxe5 {[%clk
1:24:28]} 10. dxe5 {[%clk 1:32:10]} Qh4 {[%clk 1:24:28]} 11. Qe2 {[%clk 1:32:25]}
c4 {[%clk 1:24:46]} 12. Bc2 {[%clk 1:32:49]} Bc5 {[%clk 1:24:51]} 13. Be3 {[%clk
1:33:13]} b6 {[%clk 1:24:51]} 14. Nd2 {[%clk 1:33:13]} O-O {[%clk 1:25:06]} 15.
g3 {[%clk 1:33:13]} Qh3 {[%clk 1:25:28]} 16. f4 {[%clk 1:33:02]} Bd7 {[%clk
1:25:34]} 17. Nf3 {[%clk 1:33:26]} Bxe3 {[%clk 1:25:57]} 18. Qxe3 {[%clk
1:33:36]} h6 {[%clk 1:26:21]} 19. O-O-O {[%clk 1:33:36]} Be8 {[%clk 1:26:35]} 20.
Rdg1 {[%clk 1:33:36]} Bh5 {[%clk 1:26:57]} 21. g4 {[%clk 1:33:36]} Bxg4 {[%clk
1:27:19]} 22. Rg3 {[%clk 1:33:57]} Qh5 {[%clk 1:27:19]} 23. Rhg1 {[%clk 1:34:07]}
Bf5 {[%clk 1:27:28]} 24. Rxg7+ {[%clk 1:34:07]} Kh8 {[%clk 1:27:43]} 25. Bd1
{[%clk 1:34:33]} Qe8 {[%clk 1:27:19]} 26. Qf2 {[%clk 1:34:53]} Rf7 {[%clk
1:27:20]} 27. Qg3 {[%clk 1:34:53]} Qf8 {[%clk 1:27:33]} 28. Rxf7 {[%clk 1:35:15]}
Qxf7 {[%clk 1:27:55]} 29. Qh4 {[%clk 1:35:18]} Qf8 {[%clk 1:27:55]} 30. Ng5
{[%clk 1:34:25]} Re8 {[%clk 1:28:18]} 31. Ba4 {[%clk 1:34:30]} Rc8 {[%clk
1:28:40]} 32. Nxe6 {[%clk 1:34:30]} Bxe6 {[%clk 1:28:52]} 33. Rg6 {[%clk
1:34:30]} Kh7 {[%clk 1:28:52]} 34. Rxe6 {[%clk 1:34:52]} Nd8 {[%clk 1:28:52]} 35.
Bc2+ {[%clk 1:35:14]} 1-0